000
00330nam a2200133Ia 4500
005
20251222140039.0
008
251222s1900||||xx |||||||||||||| ||spa||
020
_a
8432123501
082
_a
215.1/G23
100
_a
García Morente, Manue
245
0
_a
El «Hecho Extraordinario» y otros Escritos
264
_b
RIALP
942
_c
LIB
999
_c
3222
_d
3222